LEADER 04120nam 22007575 450 001 996465761503316 005 20230714130612.0 010 $a3-642-32986-1 024 7 $a10.1007/978-3-642-32986-9 035 $a(CKB)3400000000086200 035 $a(SSID)ssj0000767461 035 $a(PQKBManifestationID)11513395 035 $a(PQKBTitleCode)TC0000767461 035 $a(PQKBWorkID)10741430 035 $a(PQKB)10048889 035 $a(DE-He213)978-3-642-32986-9 035 $a(MiAaPQ)EBC3070083 035 $a(PPN)168323257 035 $a(EXLCZ)993400000000086200 100 $a20120901d2012 u| 0 101 0 $aeng 135 $aurnn#008mamaa 181 $ctxt 182 $cc 183 $acr 200 10$aCase-Based Reasoning Research and Development$b[electronic resource] $e20th International Conference, ICCBR 2012, Lyon, France, September 3-6, 2012, Proceedings /$fedited by Belén Díaz Agudo, Ian Watson 205 $a1st ed. 2012. 210 1$aBerlin, Heidelberg :$cSpringer Berlin Heidelberg :$cImprint: Springer,$d2012. 215 $a1 online resource (XI, 416 p. 132 illus. in color.) 225 1 $aLecture Notes in Artificial Intelligence ;$v7466 300 $aInternational conference proceedings. 311 $a3-642-32985-3 320 $aIncludes bibliographical references and author index. 330 $aThis book constitutes the thoroughly refereed post-conference proceedings of the 20th International Conference on Case-Based Reasoning Research and Development (ICCBR 2012) held in Lyon, France, September 3-6, 2012. The 34 revised full papers presented were carefully selected from 51 submissions. The presentations and posters covered a wide range of CBR topics of interest to both practitioners and researchers, including foundational issues covering case representation, similarity, retrieval, and adaptation; conversational CBR recommender systems; multi-agent collaborative systems; data mining; time series analysis; Web applications; knowledge management; legal reasoning; healthcare systems and planning and scheduling systems. 410 0$aLecture Notes in Artificial Intelligence ;$v7466 606 $aArtificial intelligence 606 $aCase-based reasoning 606 $aData mining 606 $aApplication software 606 $aUser interfaces (Computer systems) 606 $aArtificial Intelligence$3https://scigraph.springernature.com/ontologies/product-market-codes/I21000 606 $aInformation Storage and Retrieval$3https://scigraph.springernature.com/ontologies/product-market-codes/I18032 606 $aData Mining and Knowledge Discovery$3https://scigraph.springernature.com/ontologies/product-market-codes/I18030 606 $aInformation Systems Applications (incl. Internet)$3https://scigraph.springernature.com/ontologies/product-market-codes/I18040 606 $aUser Interfaces and Human Computer Interaction$3https://scigraph.springernature.com/ontologies/product-market-codes/I18067 606 $aComputer Appl. in Administrative Data Processing$3https://scigraph.springernature.com/ontologies/product-market-codes/I2301X 608 $aConference proceedings.$2fast 615 0$aArtificial intelligence. 615 0$aCase-based reasoning. 615 0$aData mining. 615 0$aApplication software. 615 0$aUser interfaces (Computer systems). 615 14$aArtificial Intelligence. 615 24$aInformation Storage and Retrieval. 615 24$aData Mining and Knowledge Discovery. 615 24$aInformation Systems Applications (incl. Internet). 615 24$aUser Interfaces and Human Computer Interaction. 615 24$aComputer Appl. in Administrative Data Processing. 676 $a006.3 702 $aDíaz Agudo$b Belén$4edt$4http://id.loc.gov/vocabulary/relators/edt 702 $aWatson$b Ian$f1960-$4edt$4http://id.loc.gov/vocabulary/relators/edt 712 12$aInternational Conference on Case-Based Reasoning 906 $aBOOK 912 $a996465761503316 996 $aCase-Based Reasoning Research and Development$9771966 997 $aUNISA